Strife of systems : An essay on the grounds and implications of philosophical diversity (Record no. 1377554)

MARC details
000 -LEADER
fixed length control field 00644nam a2200217Ia 4500
005 - DATE AND TIME OF LATEST TRANSACTION
control field 20250508162609.0
008 - FIXED-LENGTH DATA ELEMENTS--GENERAL INFORMATION
fixed length control field 008 250505s9999 xx 000 0 eng d
020 ## - INTERNATIONAL STANDARD BOOK NUMBER
International Standard Book Number 0-8229-3510-4
037 ## - SOURCE OF ACQUISITION
Stock number Textual
040 ## - CATALOGING SOURCE
Original cataloging agency FEDL
Language of cataloging eng
Transcribing agency FEDL
041 ## - LANGUAGE CODE
Language code of text/sound track or separate title eng
Source of code eng
084 ## - COLON CLASSIFICATION NUMBER
Classification number 101, RES
Assigning agency FEDL
100 ## - MAIN ENTRY--PERSONAL NAME
Personal name Rescher Nicholas
245 #0 - TITLE STATEMENT
Title Strife of systems : An essay on the grounds and implications of philosophical diversity
260 ## - PUBLICATION, DISTRIBUTION, ETC.
Place of publication, distribution, etc. Pittsburgh, USA
Name of publisher, distributor, etc. University of Pittsburgh
Date of publication, distribution, etc. 1985
300 ## - PHYSICAL DESCRIPTION
Extent xii, 283p.
365 ## - TRADE PRICE
Price type code USD
Price amount 34.95
650 ## - SUBJECT ADDED ENTRY--TOPICAL TERM
Topical term or geographic name entry element Philosophy
942 ## - ADDED ENTRY ELEMENTS (KOHA)
Koha item type Textual
Classification part 101, RES
Holdings
Withdrawn status Lost status Damaged status Not for loan Home library Current library Date acquired Cost, normal purchase price Total Checkouts Full call number Barcode Date last seen Price effective from Koha item type
        Department of Education Library Department of Education Library 2025-05-08 34.95   101, RES EL0070042 2025-05-08 2025-05-08 Textual
Copyright @ Delhi University Library System